Statistics for Muppets Most WAnted Characters Quiz

Click here to take the quiz!

General Stats

  • This quiz has been taken 48 times
  • The average score is 16 of 49

Answer Stats

Actor/ActressDescriptionCharacter% Correct
Steve WhitmireA pragmatic frog who is the straight man protagonist and de facto leader of the Muppet ensembleKermit
89%
Ricky GervaisThe world's second most-wanted criminal and Constantine's accomplice who poses as the manager of a fictional international talent agencyDominic Badguy / The Lemur
82%
Steve WhitmireBunsen's lab assistant who performs ill-fated experiments which often results in him getting seriously injuredBeaker
68%
Eric JacobsonA savage, frenzied drummer for Dr. Teeth and the Electric MayhemAnimal
66%
Eric JacobsonA temperamental diva pig who is the Muppets' break-out and "authentic superstar"Miss Piggy
63%
Matt VogelAn evil Russian frog who is considered to be the "World's Most Dangerous Frog," Interpol's most wanted criminal, and a doppelgänger for KermitConstantine
61%
Eric JacobsonA naive, comically-disinclined bearFozzie
61%
Dave GoelzAn eccentric hooked-nosed stunt performer and performance artistGonzo
58%
Tina FeyA high-ranking prison guard at Gulag 38B who is obsessed with Kermit the FrogNadya
55%
Dave GoelzAn inventive, yet aloof scientist who frequently performs science experiments and invention demonstrations that typically go awry and has an "affable cluelessness" whenever his assistant, Beaker, is a victim of these presentationsDr. Bunsen Honeydew
55%
Eric JacobsonA patriotic bald eagle and the group's self-proclaimed delegator of conservative valuesSam Eagle
53%
Peter LinzA huge fan of The Muppet Show and the newest member of The Muppets who has a talent for whistlingWalter
53%
Steve WhitmireAn elderly and grouchy gentleman who constantly heckles the Muppets from the audience, specifically from an upper balcony boxStatler
53%
Steve WhitmireA sly brown rat from the inner cityRizzo
50%
Steve WhitmireMiss Piggy's pet poodleFoo-Foo
50%
Dave GoelzAn elderly and grouchy gentleman who constantly heckles the Muppets from the audience, specifically from an upper balcony boxWaldorf
50%
Ty BurrellA French Interpol agent who works with Sam Eagle on finding ConstantineJean Pierre Napoleon
50%
Bill BarrettaThe gravelly-voiced leader and keyboard player and of the bandDr. Teeth
47%
David RudmanA hippie who plays the guitar in the Electric MayhemJanice
47%
Bill BarrettaA scruffy brown dog of indeterminate breed, though part Corgi, with a rounded black nose and long floppy earsRowlf
45%
Bill BarrettaA chef who speaks mock SwedishSwedish Chef
45%
Dave GoelzA teal, balding saxophone player with dark glasses and a high-crowned blue felt hat, and was generally a laid-back fellow of few wordsZoot
42%
David RudmanThe loyal stage manager and gofer of the Muppet Theater and nephew of its owner J.P. GrosseScooter
39%
Bill BarrettaA scheming and sassy Latino king prawnPepe
37%
Matt VogelThe female chicken that is Gonzo's love interestCamilla the Chicken
34%
Matt VogelThe cynical "hippie" bass playerFloyd Pepper
29%
Matt VogelA very large, imposing and hairy ogre about nine feet tallSweetums
26%
Bill BarrettaAn imposing, yet easily amused and befuddled brown bearBobo
26%
David RudmanThe Moopets version of Miss PiggyMiss Poogy
26%
Matt VogelKermit's sweet-voiced nephewRobin
24%
Matt VogelA 1980s-esque robot chauffeur and servant80s Robot
21%
Matt VogelA sinister-looking, blue dragon-like monster who lurks around the Muppet TheaterUncle Deadly
21%
Steve WhitmireThe trumpet player for the Electric MayhemLips
21%
Dave GoelzThe backstage janitor and stagehand of indeterminate speciesBeauregard
18%
Steve WhitmireThe bespectacled newsman for The Muppet Show, who tries to deliver the news with accuracy, but is visibly flummoxed on camera by the day's latest bizarre story or interviewThe Muppet Newsman
16%
Matt VogelA pyrotechnician with an explosives fixationCrazy Harry
16%
Steve WhitmireA dim-witted pig possessing traits of a stereotypical leading man, with wavy blond hair, a manly cleft chin, and a high opinion of himselfLink Hogthrob
16%
Jemaine ClementGulag 38B inmate who is the leader of the inmates following Constantine's escape and wears a crown made of sporksPrison King
8%
Ray LiottaA Gulag 38B inmate who is a fan of Boyz II MenBig Papa
5%
Danny TrejoA fictional version of the actor who is a Gulag 38B inmateDanny Trejo
5%
Stanley TucciA Gulag 38B Watchtower GuardIvan
5%
Matt VogelA tan humanoid Muppet with dark hair, a mustache, a red knobby nose, a ruff and a red suitLew Zealand
5%
Tom HiddlestonA Gulag 38B inmate who is an escape artistGreat Escapo
3%
Josh GrobanA Gulag 38B inmate with a good singing voice who spends the majority of the film locked in a sweatboxMaximum Security Prisoner
0%
Frank LangellaA minister who presides over the weddingBeefeater Vicar
0%
Rob CorddryThe assistant director of The MuppetsFirst Assistant Director
0%
Russell ToveyA man who delivers the champagne to Constantine the Frog and Miss Piggy's weddingChampagne Deliveryman
0%
Hugh Bonneville | Tom HollanderA reporter who takes bribes from Badguy to write a glowing review of the Muppets' performanceIrish Journalist
0%

Score Distribution

Percentile by Number Answered

Percent of People with Each Score

Your Score History

You have not taken this quiz